เปลี่ยนเป็นภาษาไทย

Change to English
 แสดงรายละเอียดบรรณานุกรม
  กลับหน้าหลัก

Brief Record : Get Marc (ISO 2709) : E-mail record : QR code < ปิดหน้าต่าง
mysqli: Table './ulib62015/stat_globaluid' is marked as crashed and should be repaired
select id from stat_globaluid where statuid='20260517200941_2448' 
mysqli: Table './ulib62015/stat_globaluid' is marked as crashed and should be repaired
DELETE FROM stat_globaluid
			WHERE id NOT IN (
			  SELECT id
			  FROM (
				SELECT id
				FROM stat_globaluid
				ORDER BY id DESC
				LIMIT 100
			  ) foo
			); 
mysqli: Table './ulib62015/stat_globaluid' is marked as crashed and should be repaired
insert into stat_globaluid set
		statuid='20260517200941_2448',
		dt='1779023381',
		phpself='/ULIB62015/dublinfull.php',
		agent='Mozilla/5.0 AppleWebKit/537.36 (KHTML, like Gecko; compatible; ClaudeBot/1.0; +claudebot@anthropic.com)',
		yea='2026',
		mon='5',
		dat='17',
		ip='216.73.216.45'
		
		
mysqli: Table './ulib62015/stathist_viewbib_bib_type' is marked as crashed and should be repaired
insert into stathist_viewbib_bib_type set 
		dat='17' ,
		 mon='05' ,
		  yea='2026' ,
			 statuid='20260517200941_2448' ,
			 head='27698' ,
			 foot='marc' ,
			 dt='1779023381' 
		
LEADER : 01174nam 2200277 a 4500
001    27698
003     ULIB
008    030417s25?? caua sb 001 0 tha
060 04 ^aQV32.JT3^bค695 25??
245 10 ^aคู่มือสำหรับการขอพิจารณาคำขอขึ้นทะเบียนตำหรับยาแผนโบราณ(ที่เป็นสมุนไพรเดี่ยว) /^cกองควบคุมยา สำนักงานคณะกรรมการอาหารและยา
246    ^aการพิจารณาคำขอขึ้นทะเบียนตำหรับยาแผนโบราณ(ที่เป็นสมุนไพรเดี่ยว)
260    ^aนนทบุรี :^bกองควบคุมยา สำนักงานคณะกรรมการอาหารและยา,^c25??
300    ^a40 หน้า ;^c29 ซม.
650  4 ^aกฎหมายยา
710 2  ^aสำนักงานคณะกรรมการอาหารและยา.^bกองควบคุมยา
945    ^p0^l0^i007255
รายการนี้ยังไม่มีแท็ก
คุณยังไม่ได้ล็อกอิน คุณสามารถมีกิจกรรมร่วมกับเว็บไซต์ได้ แต่ต้องล็อกอินก่อน ::
  ล็อกอิน
  One Stop Service : ศูนย์ให้บริการแบบเบ็ดเสร็จ   จัดการหนังสือโปรด   แจ้งรายการบรรณานุกรมผิดพลาด
ลำดับที่ ประเภท เลขเรียก/บาร์โค้ด สถานที่ สถานะ
1. หนังสือ
หนังสือ
QV32.JT3 ค695 25??  
  Barcode: 007255
หนังสือทั่วไป บนชั้น
  ขอยืม

BibComment


ยังไม่เคยถูกคอมเมนท์

คอมเมนท์ทรัพยากรรายการนี้
  คอมเมนท์: คู่มือสำหรับการข..
Bib 27698

 
 
 

 Union Library Management : ULibM
Copyright 2026. All Rights Reserved.